000
00272nam a2200109Ia 4500
008
200302s9999 xx 000 0 und d
100
_a
Arian Mostaedi
245
_a
New Perspectives: Renovated Houses
260
_b
Carles Broto Publisher
260
_c
2007
300
_a
255 P.,
999
_c
3830
_d
3830